000 00410nam a2200169Ia 4500
005 20240725010535.0
008 240331s9999 xx 000 0 und d
020 _a9789555080606
082 _bJAY
_a242.33
100 _aJayasena,V
245 2 _aA swadding for warmth
_cVinitha Jayasena
260 _bLitrain Print (Pvt) Ltd
_c2007
300 _a31 p .,
650 _aWomen
650 _aHistory
942 _cL
999 _c2662
_d2662